000 00370nam a2200133Ia 4500
008 220217s9999||||xx |||||||||||||| ||und||
020 _a978-81-203-3339-0
082 _a621.34 NAI
100 _aNair, Somanathan, B
_92632
245 0 _aApplied electromagnetic theory
260 _aPrentice all of india
_bNew Delhi
_c2008
300 _b325
650 _aELECTRONICS
999 _c177324
_d177324